[Event "BCF-chT3W 2324 (4NCL)"]
[Site "England"]
[Date "2024.05.06"]
[Round "11.35"]
[White "Eagleton, Greg T"]
[Black "Terry, Sean"]
[Result "1-0"]
[WhiteElo "2018"]
[BlackElo "1868"]
[PlyCount "49"]
[EventDate "2023.11.18"]
[EventType "team-tourn"]
[EventRounds "11"]
[EventCountry "ENG"]
[SourceTitle "EXT 2025"]
[Source "ChessBase"]
[SourceDate "2024.10.14"]
[SourceVersion "1"]
[SourceVersionDate "2024.10.14"]
[SourceQuality "1"]
[WhiteTeam "Chessable White Rose III"]
[BlackTeam "Oxford II"]
[WhiteTeamCountry "ENG"]
[BlackTeamCountry "ENG"]

1. d4 Nf6 2. c4 e6 3. Nc3 d5 4. Bg5 Be7 5. Nf3 0-0 6. e3 c6 7. Qb3 Nbd7 8. cxd5 exd5 9. Be2 Ne8 10. Bf4 Bd6 11. Bg3 Qe7 12. Qc2 f5 13. Bd3 g6 14. Bh4 Qg7 15. 0-0-0 b5 16. Ne2 Nb6 17. Bg3 Nc4 18. h4 Bxg3 19. Nxg3 f4 20. exf4 Rxf4 21. h5 Rf6 22. hxg6 Bg4 23. Rde1 h5 24. Nf5 Bxf5 25. Bxf5 1-0

[Event "BCF-chT3W 2324 (4NCL)"]
[Site "England"]
[Date "2024.03.09"]
[Round "7.55"]
[White "Terry, Sean"]
[Black "Ashton, Alannah"]
[Result "0-1"]
[WhiteElo "1868"]
[BlackElo "1853"]
[PlyCount "76"]
[EventDate "2023.11.18"]
[EventType "team-tourn"]
[EventRounds "11"]
[EventCountry "ENG"]
[SourceTitle "EXT 2025"]
[Source "ChessBase"]
[SourceDate "2024.10.14"]
[SourceVersion "1"]
[SourceVersionDate "2024.10.14"]
[SourceQuality "1"]
[WhiteTeam "Oxford II"]
[BlackTeam "She Plays To Win Lionesses"]
[WhiteTeamCountry "ENG"]
[BlackTeamCountry "ENG"]

1. e4 c5 2. Nc3 Nc6 3. Nf3 g6 4. d4 cxd4 5. Nxd4 Bg7 6. Be3 d6 7. Qd2 Nf6 8. h3 0-0 9. Be2 d5 10. exd5 Nxd5 11. Nxc6 bxc6 12. Bd4 Nf4 13. Qxf4 Bxd4 14. 0-0 Bf5 15. Rad1 e5 16. Qh6 Bxc2 17. Rd2 Bf5 18. Bc4 Qf6 19. g4 Bxc3 20. bxc3 Be4 21. f4 Rad8 22. Re2 Bd3 23. Bxd3 Rxd3 24. fxe5 Rg3+ 25. Rg2 Qxe5 26. Qf4 Qc5+ 27. Kh2 Rxc3 28. Rg3 Rc2+ 29. Rg2 Rxg2+ 30. Kxg2 Qd5+ 31. Kg1 Qxa2 32. Qc7 Qa3 33. Kg2 Qc5 34. Qf4 Qd5+ 35. Kg3 Re8 36. Kh4 Re5 37. Kg3 Re4 38. Qf6 Qe5+ 0-1

[Event "BCF-chT4 2223 (4NCL)"]
[Site "England"]
[Date "2023.01.08"]
[Round "4.52"]
[White "Terry, Sean"]
[Black "Hurney, Kevin"]
[Result "1/2-1/2"]
[WhiteElo "1896"]
[BlackElo "2028"]
[PlyCount "92"]
[EventDate "2022.11.05"]
[EventType "team-swiss"]
[EventRounds "11"]
[EventCountry "ENG"]
[SourceTitle "EXT 2024"]
[Source "ChessBase"]
[SourceDate "2023.10.10"]
[SourceVersion "1"]
[SourceVersionDate "2023.10.10"]
[SourceQuality "1"]
[WhiteTeam "Oxford III"]
[BlackTeam "MASCeteers"]
[WhiteTeamCountry "ENG"]
[BlackTeamCountry "ENG"]

1. d4 Nf6 2. Nf3 d6 3. Nc3 g6 4. e4 Bg7 5. Be3 c6 6. a4 Qa5 7. Bd3 Nbd7 8. 0-0 0-0 9. Bd2 Qc7 10. Re1 e5 11. dxe5 dxe5 12. b4 Nh5 13. Rb1 Nf4 14. Bc4 Nb6 15. Bb3 Be6 16. Bxf4 Bxb3 17. Bxe5 Bxe5 18. Rxb3 Bxc3 19. Rxc3 Nxa4 20. Rce3 Nb6 21. Qa1 Nc4 22. R3e2 a5 23. bxa5 Rxa5 24. Qc3 Ne5 25. Nxe5 Qxe5 26. Qxe5 Rxe5 27. f4 Rc5 28. Rd2 Re8 29. Kf2 Re7 30. Re3 f6 31. Kf3 h5 32. h4 Rc4 33. c3 Kf7 34. g3 Ke6 35. Red3 b5 36. Re3 Kf7 37. Rdd3 c5 38. Rd5 b4 39. cxb4 cxb4 40. Rb5 Ra7 41. g4 hxg4+ 42. Kxg4 Kg7 43. f5 Rac7 44. fxg6 Kxg6 45. h5+ Kf7 46. Kf4 R7c5 1/2-1/2

[Event "BCF-chT3Sa 1920 (4NCL)"]
[Site "England"]
[Date "2020.01.11"]
[Round "3.33"]
[White "Terry, Sean"]
[Black "Seymour, Timothy P"]
[Result "1-0"]
[WhiteElo "1914"]
[BlackElo "2104"]
[PlyCount "63"]
[EventDate "2019.11.09"]
[EventType "team-tourn"]
[EventRounds "11"]
[EventCountry "ENG"]
[SourceTitle "EXT 2023"]
[Source "ChessBase"]
[SourceDate "2022.10.05"]
[SourceVersion "1"]
[SourceVersionDate "2022.10.05"]
[SourceQuality "1"]
[WhiteTeam "Oxford III"]
[BlackTeam "Surbiton"]
[WhiteTeamCountry "ENG"]
[BlackTeamCountry "ENG"]

1. e4 e5 2. Nf3 Nc6 3. Bb5 a6 4. Ba4 g6 5. c3 Bg7 6. 0-0 Nge7 7. d4 exd4 8. cxd4 0-0 9. d5 Na5 10. Nc3 d6 11. Nd4 b5 12. Bc2 Bb7 13. f4 c6 14. f5 Nc8 15. Nf3 Nc4 16. Qe2 Re8 17. fxg6 hxg6 18. Ng5 cxd5 19. Qg4 Qb6+ 20. Kh1 dxe4 21. Qh4 Ne5 22. Qh7+ Kf8 23. Nxf7 Nxf7 24. Qxg6 Re7 25. Bg5 Rc7 26. Bd8 Kg8 27. Bxc7 Qxc7 28. Bb3 d5 29. Nxd5 Bxd5 30. Bxd5 Ncd6 31. Bxa8 Qc4 32. b3 1-0

[Event "BCF-chT4S 1617 (4NCL)"]
[Site "England"]
[Date "2016.11.27"]
[Round "2.16"]
[White "Terry, Sean"]
[Black "Thatte, Nishchal"]
[Result "1-0"]
[WhiteElo "1917"]
[BlackElo "1513"]
[PlyCount "89"]
[EventDate "2016.11.26"]
[EventType "team-swiss"]
[EventRounds "11"]
[EventCountry "ENG"]
[SourceTitle "EXT 2019"]
[Source "ChessBase"]
[SourceDate "2018.10.10"]
[SourceVersion "1"]
[SourceVersionDate "2018.10.10"]
[SourceQuality "1"]
[WhiteTeam "Oxford II"]
[BlackTeam "Iceni II"]
[WhiteTeamCountry "ENG"]
[BlackTeamCountry "ENG"]

1. e4 e6 2. d4 d5 3. Nd2 c5 4. Ngf3 Nf6 5. e5 Nfd7 6. c3 Nc6 7. a3 Qb6 8. Qb3 Qxb3 9. Nxb3 c4 10. Nbd2 Nb6 11. Be2 Bd7 12. 0-0 0-0-0 13. Ng5 Be8 14. f4 h6 15. Ngf3 Be7 16. Ne1 Bd7 17. Bd1 f6 18. Ndf3 Be8 19. Bc2 Na5 20. Be3 Na4 21. Rb1 Nb3 22. Nd2 Na5 23. Nef3 Bd7 24. Nh4 f5 25. Ng6 Rhe8 26. Bf2 Kc7 27. Nxe7 Rxe7 28. Bh4 Ree8 29. Bxd8+ Kxd8 30. Bd1 Ke7 31. h4 Bb5 32. h5 Nb3 33. Nf3 Rg8 34. Rf2 g5 35. hxg6 Rxg6 36. Nh4 Rg3 37. Bf3 Rg8 38. Kh2 Rc8 39. Rg1 Rc6 40. g4 fxg4 41. Rxg4 Ba6 42. Rg7+ Kf8 43. Rfg2 Ke8 44. Rg8+ Kd7 45. R2g7# 1-0

[Event "BCF-chT4 1516 (4NCL)"]
[Site "England"]
[Date "2016.01.17"]
[Round "4.206"]
[White "Taylor, Robert P"]
[Black "Terry, Sean"]
[Result "1/2-1/2"]
[WhiteElo "1922"]
[BlackElo "1905"]
[PlyCount "130"]
[EventDate "2015.11.14"]
[EventType "team-swiss"]
[EventRounds "11"]
[EventCountry "ENG"]
[SourceTitle "EXT 2017"]
[Source "ChessBase"]
[SourceDate "2016.10.25"]
[SourceVersion "1"]
[SourceVersionDate "2016.10.25"]
[SourceQuality "1"]
[WhiteTeam "Ashfield Breadsall II"]
[BlackTeam "Oxford III"]
[WhiteTeamCountry "ENG"]
[BlackTeamCountry "ENG"]

1. d4 Nf6 2. Bg5 e6 3. e3 c5 4. c3 cxd4 5. exd4 Be7 6. Bd3 Nd5 7. Bxe7 Qxe7 8. Qf3 Nc6 9. Ne2 f5 10. Nd2 Nf6 11. 0-0 0-0 12. Nf4 g5 13. Nh5 d5 14. Nxf6+ Rxf6 15. Rfe1 Bd7 16. b4 Raf8 17. b5 Nd8 18. Qxd5 g4 19. Qc4 Rh6 20. d5 Qh4 21. Qf4 exd5 22. Nf1 Rb6 23. a4 Ne6 24. Qe5 Ng5 25. Qxd5+ Be6 26. Qd4 Nf7 27. Qf4 Qg5 28. Qxg5+ Nxg5 29. Ne3 Rd6 30. Be2 Rc8 31. Rac1 Ne4 32. c4 h5 33. f3 Nc5 34. Nd5 Kf7 35. Nf4 Rh8 36. a5 b6 37. axb6 axb6 38. Rcd1 Rhd8 39. Rxd6 Rxd6 40. Nxh5 Rd4 41. fxg4 fxg4 42. Rf1+ Ke7 43. Rf4 Nb3 44. Rxd4 Nxd4 45. Bd3 Kd6 46. Kf2 Kc5 47. Nf6 Bxc4 48. Nd7+ Kb4 49. Bxc4 Kxc4 50. Nxb6+ Kxb5 51. Nd5 Nf5 52. Nf6 g3+ 53. hxg3 Kc6 54. g4 Ng7 55. Kf3 Kd6 56. Ng8 Ke5 57. g3 Ne6 58. Ke3 Ng5 59. Nh6 Ne6 60. Nf5 Ng5 61. Nd4 Kf6 62. Ne2 Ke5 63. Nd4 Nh3 64. Nf3+ Kf6 65. g5+ Nxg5 1/2-1/2

[Event "BCF-chT3Sa 1516 (4NCL)"]
[Site "England"]
[Date "2015.11.15"]
[Round "2.90"]
[White "Terry, Sean"]
[Black "Bryant, Richard BE"]
[Result "1-0"]
[WhiteElo "1910"]
[BlackElo "2035"]
[PlyCount "113"]
[EventDate "2015.11.14"]
[EventType "team-swiss"]
[EventRounds "7"]
[EventCountry "ENG"]
[SourceTitle "CBM 169 Extra"]
[Source "ChessBase"]
[SourceDate "2015.12.18"]
[SourceVersion "1"]
[SourceVersionDate "2015.12.18"]
[SourceQuality "1"]

1. e4 e6 2. d4 d5 3. Nc3 Bb4 4. exd5 exd5 5. Bd3 Ne7 6. Qh5 Nbc6 7. Nf3 Be6 8. 0-0 g6 9. Qg5 Qd7 10. a3 Bxc3 11. bxc3 Rf8 12. Re1 0-0-0 13. Ne5 Nxe5 14. Qxe5 Nc6 15. Qe2 Rde8 16. Be3 f6 17. a4 Na5 18. Qd1 Bf5 19. Qb1 Bxd3 20. cxd3 a6 21. Qb4 Nc6 22. Qb2 Re6 23. Reb1 Nd8 24. a5 Rc6 25. Ra3 Qe6 26. Rb3 Re8 27. h3 g5 28. Rb4 g4 29. hxg4 Qxg4 30. c4 Rg8 31. g3 Qf5 32. Qb3 Re6 33. Re1 Rg5 34. Kg2 Rh5 35. Rh1 Rxh1 36. Kxh1 c6 37. Kg2 h5 38. Qd1 Re8 39. Qf3 Qxf3+ 40. Kxf3 Ne6 41. cxd5 cxd5 42. Rb6 f5 43. Rd6 h4 44. gxh4 f4 45. Bd2 Nxd4+ 46. Kxf4 Rf8+ 47. Kg4 Nb3 48. Bg5 d4 49. f4 Kc7 50. Rf6 Rg8 51. h5 Nxa5 52. h6 Nc6 53. h7 Rh8 54. Rf7+ Kb6 55. Bf6 Rxh7 56. Rxh7 a5 57. Rd7 1-0

[Event "BCF-chT3Sa 1516 (4NCL)"]
[Site "England"]
[Date "2015.11.14"]
[Round "1.90"]
[White "Guha, Chirag"]
[Black "Terry, Sean"]
[Result "1-0"]
[WhiteElo "1650"]
[BlackElo "1910"]
[PlyCount "49"]
[EventDate "2015.11.14"]
[EventType "team-swiss"]
[EventRounds "7"]
[EventCountry "ENG"]
[SourceTitle "CBM 169 Extra"]
[Source "ChessBase"]
[SourceDate "2015.12.18"]
[SourceVersion "1"]
[SourceVersionDate "2015.12.18"]
[SourceQuality "1"]

1. d4 Nf6 2. Nf3 c5 3. c4 cxd4 4. Nxd4 Nc6 5. Nc3 Qb6 6. Nb3 e6 7. e3 Be7 8. Be2 a6 9. 0-0 0-0 10. c5 Qc7 11. e4 d6 12. cxd6 Bxd6 13. f4 e5 14. f5 b5 15. Be3 Rd8 16. Qe1 Nd4 17. Rc1 Qb7 18. Bg5 Qa7 19. Kh1 Be7 20. Bxf6 Bxf6 21. Nd5 Bg5 22. Rc3 Bxf5 23. Rc7 Qb8 24. Nxd4 Bg6 25. Nc6 1-0

[Event "BCF-chT3S 1415 (4NCL)"]
[Site "England"]
[Date "2014.11.15"]
[Round "1.228"]
[White "Terry, Sean"]
[Black "Durrant, Paul EO"]
[Result "0-1"]
[WhiteElo "1930"]
[BlackElo "1490"]
[PlyCount "76"]
[EventDate "2014.11.15"]
[EventType "team-swiss"]
[EventRounds "6"]
[EventCountry "ENG"]
[SourceTitle "CBM 163 Extra"]
[Source "ChessBase"]
[SourceDate "2014.12.23"]
[SourceVersion "1"]
[SourceVersionDate "2014.12.23"]
[SourceQuality "1"]
[WhiteTeam "Oxford II"]
[BlackTeam "Surbiton II"]
[WhiteTeamCountry "ENG"]
[BlackTeamCountry "ENG"]

1. e4 c5 2. Nf3 a6 3. b3 b5 4. c4 Bb7 5. e5 bxc4 6. bxc4 e6 7. Be2 Ne7 8. 0-0 Ng6 9. Bb2 Qc7 10. Re1 Nc6 11. Bf1 Be7 12. g3 Rb8 13. Bc3 0-0 14. Bg2 Nb4 15. Re3 Bxf3 16. Bxf3 Bg5 17. Re4 f5 18. exf6 Bxf6 19. Bh5 Ne7 20. f4 Nf5 21. Bxf6 Rxf6 22. d3 g6 23. a3 Nc6 24. Bf3 Ncd4 25. Nd2 Rb2 26. Bg2 Qa5 27. Nf1 Nd6 28. Re3 Qb6 29. Qa4 N6f5 30. Ree1 Rf7 31. Rad1 Ne2+ 32. Rxe2 Rxe2 33. Bh3 Nd4 34. Bg4 Ra2 35. Rd2 Ra1 36. Bd1 Qb1 37. Kg2 Qc1 38. Qxa6 Nb3 0-1

[Event "BCF-chT3 1314 (4NCL)"]
[Site "England"]
[Date "2014.03.23"]
[Round "7.160"]
[White "Terry, Sean"]
[Black "Patrick, David A"]
[Result "1-0"]
[WhiteElo "1918"]
[BlackElo "1870"]
[PlyCount "121"]
[EventDate "2013.11.16"]
[EventType "team-swiss"]
[EventRounds "11"]
[EventCountry "ENG"]
[SourceTitle "EXT 2015"]
[Source "ChessBase"]
[SourceDate "2014.11.20"]
[SourceVersion "1"]
[SourceVersionDate "2014.11.20"]
[SourceQuality "1"]
[WhiteTeam "Oxford II"]
[BlackTeam "Bradford DCA Knights II"]
[WhiteTeamCountry "ENG"]
[BlackTeamCountry "ENG"]

1. d4 d5 2. Nf3 Nf6 3. g3 g6 4. Bg2 Bg7 5. 0-0 0-0 6. c3 c6 7. Bf4 Qb6 8. Qc1 Bf5 9. Nh4 Bg4 10. f3 Be6 11. e4 dxe4 12. fxe4 Bc4 13. Re1 Nbd7 14. b3 Ba6 15. e5 Nd5 16. Kh1 Nxf4 17. gxf4 e6 18. Bh3 Qd8 19. Nf3 b5 20. Nbd2 c5 21. Ne4 Bb7 22. Qe3 cxd4 23. Qxd4 Nb6 24. Bg2 Bxe4 25. Qxe4 Nd5 26. c4 bxc4 27. bxc4 Ne7 28. Nd4 Nf5 29. Nxf5 gxf5 30. Qxa8 Qxa8 31. Bxa8 Rxa8 32. c5 Rc8 33. Rac1 Bh6 34. Rc4 Rc6 35. Rg1+ Kf8 36. Rd1 Ke8 37. Rd6 Rc7 38. Ra6 Kd7 39. c6+ Kc8 40. Kg2 Bg7 41. Rc3 Bh6 42. Rg3 Kd8 43. Rg8+ Ke7 44. Kf3 Bf8 45. h4 h6 46. h5 Ke8 47. Rg2 Bc5 48. a4 Kf8 49. Rc2 Bg1 50. Rb2 Ke7 51. Rb8 f6 52. exf6+ Kxf6 53. Rf8+ Ke7 54. Rh8 Kd6 55. Rxh6 Bb6 56. Rg6 Rxc6 57. a5 Rc3+ 58. Ke2 Ra3 59. h6 Kd5 60. axb6 Rxa6 61. b7 1-0

[Event "BCF-chT3S 1314 (4NCL)"]
[Site "England"]
[Date "2014.01.11"]
[Round "3.1"]
[White "Bridges, Paul"]
[Black "Terry, Sean"]
[Result "1/2-1/2"]
[WhiteElo "1861"]
[BlackElo "1909"]
[PlyCount "71"]
[EventDate "2013.11.16"]
[EventType "team-swiss"]
[EventRounds "6"]
[EventCountry "ENG"]
[SourceTitle "EXT 2015"]
[Source "ChessBase"]
[SourceDate "2014.11.20"]
[SourceVersion "1"]
[SourceVersionDate "2014.11.20"]
[SourceQuality "1"]
[WhiteTeam "West is Best II"]
[BlackTeam "Oxford III"]
[WhiteTeamCountry "ENG"]
[BlackTeamCountry "ENG"]

1. e4 c5 2. Nc3 e6 3. Bc4 a6 4. a4 Nc6 5. f4 Nf6 6. e5 d5 7. Be2 Nd7 8. Nf3 Be7 9. 0-0 Nd4 10. d3 0-0 11. Nxd4 cxd4 12. Nb1 f6 13. Bg4 f5 14. Bf3 g5 15. g3 g4 16. Bg2 Nb8 17. h3 h5 18. hxg4 hxg4 19. Kf2 Kg7 20. Rh1 Rh8 21. Rxh8 Qxh8 22. Qh1 Qe8 23. Bd2 Bd7 24. b3 Nc6 25. c4 dxc4 26. bxc4 Qf7 27. Na3 Rh8 28. Qg1 Nd8 29. Nc2 Bc5 30. Bb4 Qe7 31. Qb1 Kg6 32. Bxc5 Qxc5 33. Qb4 b6 34. Rb1 Bc6 35. Qxc5 bxc5 36. Bxc6 1/2-1/2

[Event "BCF-chT3S 1213 (4NCL)"]
[Site "England"]
[Date "2012.11.04"]
[Round "2.137"]
[White "Haridas, Girinath"]
[Black "Terry, Sean"]
[Result "0-1"]
[WhiteElo "1741"]
[BlackElo "1881"]
[PlyCount "86"]
[EventDate "2012.11.03"]
[EventType "team-swiss"]
[EventRounds "6"]
[EventCountry "ENG"]
[SourceTitle "EXT 2014"]
[Source "ChessBase"]
[SourceDate "2013.11.20"]
[SourceVersion "1"]
[SourceVersionDate "2013.11.20"]
[SourceQuality "1"]
[WhiteTeam "KJCA Knights"]
[BlackTeam "Oxford III"]
[WhiteTeamCountry "ENG"]
[BlackTeamCountry "ENG"]

1. d4 Nf6 2. c4 Nc6 3. Nc3 e5 4. d5 Ne7 5. e4 d6 6. h3 Ng6 7. Nf3 Be7 8. Bd3 0-0 9. 0-0 Ne8 10. Qc2 Nf4 11. Bxf4 exf4 12. e5 g6 13. Rae1 Ng7 14. Qd2 Nh5 15. Ne2 g5 16. Ned4 Ng7 17. Qc2 h5 18. Nd2 dxe5 19. Rxe5 Bf6 20. Re4 c5 21. N4b3 b6 22. Rfe1 Nf5 23. R4e2 Nd6 24. Ne4 f3 25. Re3 fxg2 26. Rg3 h4 27. Rf3 Be5 28. Kxg2 g4 29. hxg4 Bxg4 30. Rfe3 Bf4 31. Nxd6 Qxd6 32. Re7 h3+ 33. Kf1 h2 34. Bh7+ Kh8 35. Be4 Bh3+ 36. Ke2 Qxe7 37. Qc3+ Kg8 38. Qxh3 Qxe4+ 39. Kd1 Qb1+ 40. Ke2 Rae8+ 41. Kf3 Qd3+ 42. Re3 Rxe3+ 43. fxe3 Qxe3+ 0-1

[Event "BCF-chT3 1112 (4NCL)"]
[Site "England"]
[Date "2012.04.01"]
[Round "8.125"]
[White "Taylor, Adam A"]
[Black "Terry, Sean"]
[Result "1/2-1/2"]
[WhiteElo "1839"]
[BlackElo "1926"]
[PlyCount "91"]
[EventDate "2011.11.12"]
[EventType "team-swiss"]
[EventRounds "11"]
[EventCountry "ENG"]
[SourceTitle "EXT 2013"]
[Source "ChessBase"]
[SourceDate "2012.11.22"]
[SourceVersion "1"]
[SourceVersionDate "2012.11.22"]
[SourceQuality "1"]
[WhiteTeam "e2e4.org.uk III"]
[BlackTeam "Oxford II"]
[WhiteTeamCountry "ENG"]
[BlackTeamCountry "ENG"]

1. Nf3 c5 2. c4 Nc6 3. d4 cxd4 4. Nxd4 g6 5. e4 Bg7 6. Be3 Nf6 7. Nc3 d6 8. Be2 0-0 9. 0-0 Nxd4 10. Bxd4 b6 11. f3 Bd7 12. Rc1 Re8 13. Nd5 e6 14. Nxf6+ Bxf6 15. b3 e5 16. Be3 Bc6 17. Qd2 Qc7 18. Rfd1 Rad8 19. Rc3 Be7 20. Bg5 f6 21. Bh4 Kg7 22. Qc2 Bd7 23. b4 Be6 24. Bf2 Bf8 25. a4 Rc8 26. c5 dxc5 27. bxc5 Bxc5 28. Bxc5 bxc5 29. Ba6 Rcd8 30. Rc1 Qb6 31. Bb5 Re7 32. Qf2 Rc7 33. h3 c4 34. Qxb6 axb6 35. Kf2 Rc5 36. R3c2 Rdc8 37. Ke3 Kf8 38. Kd2 Ke7 39. Kc3 g5 40. Kb4 c3 41. Rxc3 Rxc3 42. Rxc3 Rxc3 43. Kxc3 Kd6 44. Kb4 h5 45. Be8 h4 46. Bb5 1/2-1/2